Minecraft Items: Flowers Quiz - Statistics

General Stats
  • This quiz has been taken 11 times
    2 since last reset
  • The average score is 22 of 30
Answer Stats
Hint Answer % Correct
What flower generates in the desert? Cactus Flower
100%
What pink leaf block is also a flower? Cherry Leaves
100%
What flower is only obtainable from the end? Chorus Flower
100%
What flower can be crafted into blue dye? Cornflower
100%
What flower is the most likely to generate in village chest loot? Dandelion
100%
Which direction does that flower face? East
100%
What flower can be used to stop baby animals from aging? Golden Dandelion
100%
What flower can be crafted into two magenta dye? Lilac
100%
What is one of those colors? Orange | Pink | Red | White
100%
What flower can an Iron Golem drop? Poppy
100%
What flower can be crafted into two red dye? Rose Bush
100%
What flower always faces the same direction? Sunflower
100%
What flower is grown from seeds that can be used to breed sniffers? Torchflower
100%
What flower has four color variants? Tulip
100%
What flower has a dedicated room in a woodland mansion? Allium
50%
What flower is used to craft a suspicious stew of blindness or can be crafted into light gray dye? Azure Bluet
50%
What flower can generate in swamps? Blue Orchid
50%
What flower can't be used to tempt bees? Closed Eyeblossom
50%
What bush is a flower, and can also be grown into a tree? Flowering Azalea
50%
What flower can be crafted into white dye? Lily of the Valley
50%
What sapling is also a flower? Mangrove Propagule
50%
What is the night-time variant of that flower? Open Eyeblossom
50%
What flower is used to craft the Flower Charge Banner Pattern? Oxeye Daisy
50%
What flower can be crafted into two pink dye? Peony
50%
What foliage in the cherry grove biome is also a flower? Pink Petals
50%
What tall flower can only be discovered after finding a sniffer egg? Pitcher Plant
50%
What flower releases particles below it? Spore Blossom
50%
What foliage flowers generate in birch forests? Wildflowers
50%
What flower can be dropped from any mob except a creaking? Wither Rose
50%
What other leaf block is also a flower? Flowering Azalea Leaves
0%
No matching quizzes found
Score Distribution
Percent of People with Each Score
Percentile by Number Answered
Your Score History
You have not taken this quiz since the last reset